<?xml version="1.0" encoding="UTF-8"?><?xml-stylesheet type="text/xsl" href="static/style.xsl"?><OAI-PMH xmlns="http://www.openarchives.org/OAI/2.0/" xmlns:xsi="http://www.w3.org/2001/XMLSchema-instance" xsi:schemaLocation="http://www.openarchives.org/OAI/2.0/ http://www.openarchives.org/OAI/2.0/OAI-PMH.xsd"><responseDate>2026-04-14T07:35:32Z</responseDate><request verb="GetRecord" identifier="oai:www.recercat.cat:20.500.14342/4153" metadataPrefix="marc">https://recercat.cat/oai/request</request><GetRecord><record><header><identifier>oai:recercat.cat:20.500.14342/4153</identifier><datestamp>2025-03-11T20:25:14Z</datestamp><setSpec>com_2072_482405</setSpec><setSpec>com_2072_183628</setSpec><setSpec>col_2072_482411</setSpec></header><metadata><record xmlns="http://www.loc.gov/MARC21/slim" xmlns:dcterms="http://purl.org/dc/terms/" xmlns:xsi="http://www.w3.org/2001/XMLSchema-instance" xmlns:doc="http://www.lyncode.com/xoai" xsi:schemaLocation="http://www.loc.gov/MARC21/slim http://www.loc.gov/standards/marcxml/schema/MARC21slim.xsd">
   <leader>00925njm 22002777a 4500</leader>
   <datafield ind2=" " ind1=" " tag="042">
      <subfield code="a">dc</subfield>
   </datafield>
   <datafield ind2=" " ind1=" " tag="720">
      <subfield code="a">Ribalta Alcalde, Maria Dolors</subfield>
      <subfield code="e">author</subfield>
   </datafield>
   <datafield ind2=" " ind1=" " tag="720">
      <subfield code="a">Pujadas, Xavier</subfield>
      <subfield code="e">author</subfield>
   </datafield>
   <datafield ind2=" " ind1=" " tag="260">
      <subfield code="c">2020-02</subfield>
   </datafield>
   <datafield ind2=" " ind1=" " tag="520">
      <subfield code="a">The main aim of this article is to analyse the appearance of women’s football in Spain in the 1970s and to show the links between the sport and the creation of a lesbian community in the city of Barcelona. The study will examine the ways in which the construction of women footballer’s sexual identities was shaped by their participation in this sport, given the repressive context of the era. Oral interviews constituted the main method used in the study. This historiographical technique allowed us to gather oral histories from a number of women footballers, most of them lesbians. The information provided by these first-hand sources was also enriched and corroborated through the use of additional documentary sources (both from the sporting press and from other publications), which placed the first-hand testimony in the proper context and served to confirm some of the information collected in the interviews. By way of conclusion, the study established that, in the context of the lack of visibility of female homosexuality in the era and the hostility of the authorities and the public institutions under the dictatorship, women’s football provided a valuable space.</subfield>
   </datafield>
   <datafield ind1="8" ind2=" " tag="024">
      <subfield code="a">http://hdl.handle.net/20.500.14342/4153</subfield>
   </datafield>
   <datafield ind1="8" ind2=" " tag="024">
      <subfield code="a">https://doi.org/10.1080/09523367.2020.1722646</subfield>
   </datafield>
   <datafield tag="653" ind2=" " ind1=" ">
      <subfield code="a">Dones esportistes</subfield>
   </datafield>
   <datafield tag="653" ind2=" " ind1=" ">
      <subfield code="a">Futbolistes</subfield>
   </datafield>
   <datafield tag="653" ind2=" " ind1=" ">
      <subfield code="a">Homosexualitat</subfield>
   </datafield>
   <datafield tag="653" ind2=" " ind1=" ">
      <subfield code="a">Franquisme</subfield>
   </datafield>
   <datafield ind2="0" ind1="0" tag="245">
      <subfield code="a">Women, Football, and Francoism: Lesbians and the Formation of Social Networks through Women’s Football in Barcelona, 1970–1979</subfield>
   </datafield>
</record></metadata></record></GetRecord></OAI-PMH>